| 000 | 01637nam a2200493 i 4500 | ||
|---|---|---|---|
| 001 | 26472 | ||
| 003 | KOSZ 005 | ||
| 005 | 20200512145037.0 | ||
| 008 | 051125s1974 pl a f |000 0 pol | ||
| 015 | _aUWD 1974/4878 | ||
| 035 | _a991028926249705066 | ||
| 035 | _a(PL-WaBN)b17822075-48omnis_nlop | ||
| 035 | _ab17822075 | ||
| 035 | _a(OCoLC)749494451 | ||
| 035 | _a(PL)b0000001782207 | ||
| 035 | _a(EXLNZ-48OMNIS_NETWORK)9910374240305606 | ||
| 040 |
_aWA N _cWA N _dKOSZ 005/EG |
||
| 041 | 0 | _apol | |
| 080 | _a664 | ||
| 080 | _a620.2 | ||
| 100 | 1 |
_aWojtal, Romuald _eAutor |
|
| 245 | 1 | 0 |
_aĆwiczenia z analizy technologicznej surowców i produktów przemysłu spożywczego / _cRomuald Wojtal, Marek Trojan. |
| 260 |
_aPoznań : _bPańst. Wydaw. Naukowe, _c1974. |
||
| 300 | 1 |
_a606 s. : _bil. ; _c25 cm. |
|
| 336 |
_aTekst _btxt _2rdacontent |
||
| 337 |
_aBez urządzenia pośredniczącego _bn _2rdamedia |
||
| 338 |
_aWolumin _bnc _2rdacarrier |
||
| 380 | _aKsiążki | ||
| 380 | _aPublikacje dydaktyczne | ||
| 385 |
_mPoziom nauczania _aSzkoły wyższe |
||
| 388 | _a1901-2000 | ||
| 388 | _a1945-1989 | ||
| 504 | _aBibliogr. | ||
| 650 | 7 |
_aŻywność _2DBN |
|
| 650 | 7 | _aHigiena | |
| 655 | 7 |
_aĆwiczenia i zadania dla szkół wyższych _2DBN |
|
| 658 | _aInżynieria i technika | ||
| 658 | _aRolnictwo i leśnictwo | ||
| 700 | 1 |
_aTrojan, Marek _eAutor |
|
| 710 | 2 | _aPaństwowe Wydawnictwo Naukowe | |
| 856 |
_uhttp://koha.tu.koszalin.pl/cgi-bin/koha/opac-detail.pl?biblionumber=26472 _yKatalog online BPK |
||
| 942 |
_2UKD _cKS |
||
| 999 |
_c26472 _d26472 |
||